000 00541nam a2200193Ia 4500
003 OSt
005 20260127145331.0
008 250729s2005 xx 000 0 und d
040 _cAL
041 _akan
082 _a954 GOPB
100 _aಗೋಪಾಲರಾವ್ ಎಚ್ ಎಸ್
_9227973
245 _aಭಾರತೀಯ ಬಹುಮುಖೀ ಸಂಸ್ಕೃತಿ
260 _aಬೆಂಗಳೂರು
_c2005
300 _a112p
650 _aHistory
_9227974
700 _aಗೋo Digumurthi
_9227975
942 _2ddc
_cBED
999 _c237838
_d237838